| 000 | 01434nam a22002777a 4500 | ||
|---|---|---|---|
| 001 | EPSA 0270 | ||
| 003 | gtcocun | ||
| 005 | 20250919171402.0 | ||
| 006 | a||||gr|||| 00| 0 | ||
| 007 | ta | ||
| 008 | 250919b2024 gt ||||| m||| 00| 0 eng d | ||
| 040 |
_agtcocun _bSPA _cgtcocun _eRDA |
||
| 041 | _aSPA EPSA 0270 | ||
| 084 | _0EPSA 0270 | ||
| 100 |
_aPrado Perez, Byrón Gudiel _eAutor |
||
| 245 |
_aINFORME FINAL DEL EJERCICIO PROFESIONAL SUPERVISADO, REALIZADO EN LA ASOCIACIÓN COMUNIDAD ESPERANZA UBICADO EN LA CIUDAD DE COBÁN, DEPARTAMENTO DE ALTA VERAPAZ/ _cByrón Gudiel Prado Perez. _hImpreso |
||
| 264 |
_aCobán, Alta Verapaz: _bUniversidad de San Carlos de Guatemala, Centro Universitario del Norte, Licenciatura en Administración de Empresas _c2024 |
||
| 300 |
_a59 p.: _bIlustraciones, gráficas. _c28 cm; |
||
| 502 | _eEPSA 0270 | ||
| 502 |
_aEjercicio Profesional Supervisado _bLicenciatura en Administración de Empresas, _cUniversidad de San Carlos de Guatemala, Centro Universitario del Norte, Licenciatura en Administración de Empresas _d2024 _oEPSA 0270 |
||
| 650 |
_2LEMB _aCobán, Alta Verapaz _xAdministración _xAsociación _xActualización _xOrganización _xEstrategias _xPlan _xManuales |
||
| 700 |
_aLcda. Gladis Margarita Cacao Requena _eAsesor |
||
| 856 |
_uSin archivo en línea. _zSin archivo en línea. |
||
| 942 |
_2ddc _cTES _iEPSA 0270 _kClasificación _n0 _6EPSA_0270_000000000000000 |
||
| 999 |
_c1992 _d1992 |
||